000 00372cam a2200145ua 4500
041 _aeng
_h
082 _a947
_bGET/FO
100 _aGetman, V S .
245 0 0 _aForeign comrades in the october revolution /
_cV S Getman.
_hTextual Documents
260 _aMoscow :
_bProgress Publishers ,
_c1967.
300 _a286 ; .
504 _a
942 _cBK
999 _c4390
_d4390